00269nam a2200097Ia 4500008004100000100001500041245003700056260002600093300000900119650004300128190216s9999||||xx |||||||||||||| ||und|| aOwenhanson 0aEssential Of Computer Data Files bEast-West Pressc1985 a176p a"Computer Programming. Programs, Data"